000 00915nam a2200253Ia 4500
003 OSt
005 20220923215415.0
006 a|||||r|||| 00| 0
007 ta
008 220922b |||||||| |||| 00| 0 hin d
024 _a178,444
037 _cTextual
040 _aARTS
_cARTS
_bhin
041 _2hin
_ahin
082 _aO152,1M66:g(P), N0
100 _aशर्मा, ब्रजमोहन स्वरूप
245 0 _aकविवर 'रत्नाकर' का भाषा सामर्थ्य
246 _aKavivar 'ratnākara' kā bhāṣhā sāmarthya
260 _aदिल्ली
_b सूर्यप्रकाश
_c1990
300 _a256 पृ.
_ccm.
650 _aहिन्दी साहित्य
_9156264
942 _hO152,1M66:g(P), N0
_cTEXL
_2CC
999 _c331826
_d331826